000 01128nam a2200325 a 4500
999 _c3419
_d3419
001 4047104
005 20170927115213.0
008 981029s1996 rh ab b 000 0 eng
010 _a 98985350
020 _a086922638X
040 _aDLC
_cDLC
042 _alcode
043 _af-rh---
050 0 0 _aGN865.Z55
_bW36 1996
082 0 0 _a709/.01/13096891
_221
100 1 _aWalker, Nicholas John.
_936373
245 1 4 _aThe painted hills :
_brock art of the Matopos, Zimbabwe--a guidebook /
_cby Nick Walker.
260 _aGweru, Zimbabwe :
_bMambo Press,
_c1996.
300 _ax, 102 p. :
_bill. (some col.), map ;
_c21 x 24 cm.
490 1 _aExploring Zimbabwe series
504 _aIncludes bibliographical references (p. 91-95).
650 0 _aRock paintings
_zZimbabwe
_zMatopos.
_936374
651 0 _aMatopos (Zimbabwe)
_xAntiquities.
_936375
830 0 _aExploring Zimbabwe.
_936376
906 _a7
_bcbc
_corigode
_d3
_encip
_f19
_gy-gencatlg
942 _2lcc
_cMONOGRAPH